UM Logo

Writer's choice: (Record no. 7261)

MARC details
000 -LEADER
fixed length control field 00645nam a22001817a 4500
008 - FIXED-LENGTH DATA ELEMENTS--GENERAL INFORMATION
fixed length control field 160204b xxu||||| |||| 00| 0 eng d
020 ## - INTERNATIONAL STANDARD BOOK NUMBER
International Standard Book Number 0-02-635873-5
082 ## - DEWEY DECIMAL CLASSIFICATION NUMBER
Edition number 1996
Classification number DC 425
Item number R81w
100 ## - MAIN ENTRY--PERSONAL NAME
9 (RLIN) 22000
Personal name Royster, Jacqueline Jones
245 ## - TITLE STATEMENT
Title Writer's choice:
Remainder of title grammar and composition /
Statement of responsibility, etc. Jacqueline Jone Royster , Mark Lester
260 ## - PUBLICATION, DISTRIBUTION, ETC. (IMPRINT)
Place of publication, distribution, etc. New York, N.Y. :
Name of publisher, distributor, etc. Glencoe/McGraw-Hill,
Date of publication, distribution, etc. ©1996.
300 ## - PHYSICAL DESCRIPTION
Extent xxii, 570 pages :
Other physical details color illustrations ;
Dimensions 26 cm.
500 ## - GENERAL NOTE
General note Includes index.
650 #0 - SUBJECT ADDED ENTRY--TOPICAL TERM
9 (RLIN) 22002
Topical term or geographic name as entry element Language arts (Secondary)
650 #0 - SUBJECT ADDED ENTRY--TOPICAL TERM
9 (RLIN) 22003
Topical term or geographic name as entry element Composition (Language arts)
700 ## - ADDED ENTRY--PERSONAL NAME
9 (RLIN) 22004
Personal name Mark Lester
942 ## - ADDED ENTRY ELEMENTS (KOHA)
Source of classification or shelving scheme Dewey Decimal Classification
Koha item type Circulation
Holdings
Withdrawn status Lost status Source of classification or shelving scheme Damaged status Not for loan Collection code Home library Current library Date acquired Source of acquisition Total Checkouts Full call number Barcode Date last seen Copy number Price effective from Koha item type
    Dewey Decimal Classification     Circulation UM Digos College - LIC UM Digos College - LIC 03/25/2009 Purchased   DC 425 R81w 1996 20175 05/15/2025 1 08/11/2017 Circulation